Communes limitrophes de Paris hier et aujourd'hui - Statistiques

Statistiques générales
  • Ce quiz a été pris 49 fois
  • Le résultat moyen est 28 sur 46
Statistiques - réponses
Indice En 1860 % Correct
23 S Saint-Denis
98%
16 M Montreuil
93%
13 N Neuilly
91%
26 S Saint-Ouen
91%
29 V Vincennes
91%
3 B Boulogne-Billancourt
86%
8 I Ivry
86%
9 I Ivry
86%
8 I Issy-les-Moulineaux
84%
1 A Aubervilliers
82%
13 L Les Lilas
80%
20 P Pantin
80%
28 V Vanves
80%
12 M Montrouge
77%
17 M Montrouge
77%
15 S Saint-Mandé
77%
24 S Saint-Mandé
77%
2 B Bagnolet
75%
5 C Clichy
75%
12 L Le Pré-Saint-Gervais
66%
14 L Levallois-Perret
66%
15 M Malakoff
66%
27 S Suresnes
66%
21 P Puteaux
61%
11 L Le Kremlin-Bicêtre
59%
1 A Auteuil
57%
22 S Saint-Cloud
55%
6 G Gentilly
52%
7 G Gentilly
52%
18 N Neuilly-sur-Seine
48%
3 B Belleville
43%
25 S Saint-Maurice
43%
10 J Joinville-le-Pont
41%
4 C Charenton-le-Pont
39%
10 L La Villette
39%
11 M Montmartre
39%
14 P Passy
39%
4 B Bercy
36%
9 L La Chapelle
34%
19 N Nogent-sur-Marne
34%
2 B Batignolles
30%
6 F Fontenay-sous-Bois
30%
5 C Charonne
25%
7 G Grenelle
25%
16 S Vaugirard
20%
Indice En 2023
2%
Aucun quiz correspondant
Distribution des résultats
% des personnes avec chaque résultat
Percentile par nombre de réponses
Votre historique - résultats
Vous n’avez pas pris ce quiz